[Event "IND-chB 48th"]
[Site "Bhiwani"]
[Date "2010.09.26"]
[Round "13"]
[White "Murali Krishnan, BT."]
[Black "Babu, N Sudhakar"]
[Result "0-1"]
[WhiteElo "2391"]
[BlackElo "2320"]
[PlyCount "128"]
[EventDate "2010.09.16"]
[EventType "swiss"]
[EventRounds "13"]
[EventCountry "IND"]
[SourceTitle "CBM 138 Extra"]
[Source "ChessBase"]
[SourceDate "2010.10.29"]
[SourceVersion "1"]
[SourceVersionDate "2010.10.29"]
[SourceQuality "1"]

1. d4 d5 2. c4 e6 3. Nc3 Nf6 4. Bg5 Be7 5. e3 0-0 6. Nf3 h6 7. Bh4 b6 8. Bd3 Nbd7 9. 0-0 Bb7 10. Qe2 Ne4 11. Bxe7 Nxc3 12. bxc3 Qxe7 13. cxd5 exd5 14. Ba6 Bxa6 15. Qxa6 Qd6 16. c4 dxc4 17. Rac1 c5 18. Rxc4 cxd4 19. exd4 Nf6 20. Rfc1 Nd5 21. g3 Rfd8 22. a3 Qe6 23. Re1 Qd6 24. Ne5 Ne7 25. a4 f6 26. Nf3 Rd7 27. Rc3 Rad8 28. Rce3 Nf5 29. Re8+ Rxe8 30. Rxe8+ Kf7 31. Re4 Qc6 32. Rf4 g6 33. h4 h5 34. a5 Kg7 35. axb6 axb6 36. Qd3 b5 37. Qd2 Qd5 38. Qd3 Re7 39. g4 Qd6 40. Qd2 hxg4 41. Rxg4 Nh6 42. Rf4 Qd5 43. Qb4 Re4 44. Rxe4 Qxe4 45. Qb3 Nf5 46. d5 Qg4+ 47. Kf1 Qh3+ 48. Ke1 Qh1+ 49. Kd2 Qf1 50. Qd3 Qxf2+ 51. Kc3 Qc5+ 52. Kb3 Nd6 53. Nd2 f5 54. Qc3+ Qxc3+ 55. Kxc3 Kh6 56. Kb4 Kh5 57. Nf3 Nf7 58. Kc5 f4 59. d6 Kg4 60. Ng5 Nxd6 61. Kxd6 b4 62. Ne4 b3 63. Nd2 b2 64. Ke5 f3 0-1

[Event "Chennai op 2nd"]
[Site "Chennai"]
[Date "2010.01.28"]
[Round "5"]
[White "Ashwin, Jayaram"]
[Black "Babu, N Sudhakar"]
[Result "1/2-1/2"]
[WhiteElo "2434"]
[BlackElo "2330"]
[PlyCount "61"]
[EventDate "2010.01.25"]
[EventType "swiss"]
[EventRounds "11"]
[EventCountry "IND"]
[SourceTitle "CBM 134 Extra"]
[Source "ChessBase"]
[SourceDate "2010.03.03"]
[SourceVersion "1"]
[SourceVersionDate "2010.03.03"]
[SourceQuality "1"]

1. e4 e5 2. Nf3 Nc6 3. Bb5 a6 4. Ba4 Nf6 5. 0-0 Be7 6. Re1 b5 7. Bb3 d6 8. c3 0-0 9. h3 Bb7 10. d4 Re8 11. Nbd2 Bf8 12. a3 g6 13. Ba2 Bg7 14. b4 a5 15. Ng5 Re7 16. d5 Nb8 17. Nb3 axb4 18. cxb4 h6 19. Nf3 Bc8 20. Qd3 Bd7 21. Na5 Kh7 22. Nd2 Nh5 23. Ndb3 f5 24. exf5 gxf5 25. Qe2 Nf6 26. Nd4 Qe8 27. Bb2 Nh5 28. g3 Qg6 29. Kh2 e4 30. Ne6 Bxe6 31. dxe6 1/2-1/2

[Event "New Delhi Parsvnath op 8th"]
[Site "New Delhi"]
[Date "2010.01.16"]
[Round "4"]
[White "Dzhumaev, Marat"]
[Black "Babu, N Sudhakar"]
[Result "1/2-1/2"]
[WhiteElo "2515"]
[BlackElo "2330"]
[PlyCount "52"]
[EventDate "2010.01.14"]
[EventType "swiss"]
[EventRounds "11"]
[EventCountry "IND"]
[SourceTitle "CBM 134 Extra"]
[Source "ChessBase"]
[SourceDate "2010.03.03"]
[SourceVersion "1"]
[SourceVersionDate "2010.03.03"]
[SourceQuality "1"]

1. e4 e5 2. Nf3 Nc6 3. Bc4 Bc5 4. d3 Nf6 5. 0-0 d6 6. c3 Bb6 7. b4 Ne7 8. Nbd2 Ng6 9. Qc2 0-0 10. Bb3 c6 11. Nc4 Bc7 12. Ne3 d5 13. b5 dxe4 14. dxe4 c5 15. a4 Qe7 16. Re1 Be6 17. Nf5 Qd7 18. Rd1 Qc8 19. N3h4 Re8 20. Nxg6 hxg6 21. Bxe6 fxe6 22. Ne3 Rd8 23. Ba3 Bb6 24. c4 Rd4 25. f3 Rd8 26. Bb2 Rxd1+ 1/2-1/2